National biographical dictionary of India (Record no. 26386)

MARC details
000 -LEADER
fixed length control field 00300nam a2200109Ia 4500
082 ## - DEWEY DECIMAL CLASSIFICATION NUMBER
Classification number 929(038)(540)
Item number SHA
100 ## - MAIN ENTRY--AUTHOR NAME
Personal name Sharma, Jagdish Saran
245 #0 - TITLE STATEMENT
Title National biographical dictionary of India
260 ## - PUBLICATION, DISTRIBUTION, ETC. (IMPRINT)
Place of publication New Delhi
Name of publisher Sterling
Year of publication 1972
942 ## - ADDED ENTRY ELEMENTS (KOHA)
Koha item type Books
Holdings
Withdrawn status Lost status Damaged status Not for loan Home library Current library Date acquired Cost, normal purchase price Full call number Accession Number Koha item type
        RRII Library RRII Library 16/12/2021 40.00 929(038)(540) SHA 07022 Books